000 01269cam a22003614a 4500
001 13353917
003 OSt
005 20140310182707.0
008 030926s2004 maua b 001 0 eng
010 _a 2003066202
020 _a9715844666
040 _aDLC
_cDLC
_dDLC
042 _apcc
050 0 0 _aQR 41.2
_b.P787 2006
082 0 0 _aM 579
_27th ed.
_bP77 2006
100 1 _aPommerville, Jeffrey C.
245 1 0 _aAlcamo's fundamentals of microbiology /
_cPommerville, Jeffrey C.
250 _a7th ed.
260 _aSudbury, MA :
_bJones and Bartlett Publishers, Inc.,
_cc2006.
300 _axxviii, 1001 p.
_bill. ;
_c26 cm.
500 _aPreviously published: Fundamentals of microbiology / Edward I. Alcamo. 6th ed. Sudbury, Mass. : Jones and Bartlett, 2001.
504 _aIncludes bibliographical references and index.
521 _aCollege Students
526 _c1210L-1700L
541 _j1
562 _e1
650 0 _aMicrobiology.
650 0 _aMedical microbiology.
700 1 _aAlcamo, I. Edward.
_tFundamentals of microbiology.
906 _a7
_bcbc
_corignew
_d1
_eocip
_f20
_gy-gencatlg
942 _2lcc
_cBK
_kM
999 _c15223
_d15223